| 000 | 01337cam a22003617a 4500 | ||
|---|---|---|---|
| 003 | CHAP | ||
| 005 | 20220329142953.0 | ||
| 008 | 050518d1990 mx r 00110 spa d | ||
| 010 | _a90280 | ||
| 011 | _a91252 | ||
| 035 | _a101810 | ||
| 040 | _cCHAP | ||
| 090 | _aTesis | ||
| 100 | 0 | 0 |
_aRodríguez Muñoz, Antonio. _998731 |
| 245 | 1 | 0 |
_aCaracterización de los métodos empíricos de recuperación de suelos salinos en San Salvador Atenco y San Francisco Acuexcómac, México _c/por Antonio Rodríguez Muñoz |
| 260 |
_aChapingo, Méx. : _bEl autor, _c2005. |
||
| 300 |
_a109 h. : _bgráfs.; cuadros, mapas. |
||
| 502 | _aTesis (Ing. Agr. Esp. en Suelos) -- UACH. Departamento de Suelos | ||
| 590 |
_aALEPH _b10 _c20130110 _lUCH01 _h1505 |
||
| 590 |
_aBATCH-UPD _b10 _c20130110 _lUCH01 _h0733 |
||
| 590 |
_aBATCH-UPD _b10 _c20130410 _lUCH01 _h0416 |
||
| 590 |
_aBATCH-UPD _b10 _c20130914 _lUCH01 _h1443 |
||
| 590 |
_aCONVERSION _b10 _c20130109 _lUCH01 _h1350 |
||
| 650 | 1 | 4 |
_aFrijol _xGerminación. _943385 |
| 650 | 1 | 4 |
_aSuelos salitrosos. _9110559 |
| 650 | 1 | 4 |
_aSuelos _zMéxico (Edo.). _9110525 |
| 650 | 1 | 4 |
_aTierras _xRecuperación de. _9113120 |
| 901 | _aBK | ||
| 905 | _aElisama A. H. | ||
| 942 | _cFOLL | ||
| 949 |
_aTesis _bBC _cTES _d101810 _eTS1 _h43671 _i101810 _sb |
||
| 949 |
_aTesis _bBC _cTES _d33724000944922 _eTS2 _h43672 _i101810 _sb |
||
| 999 |
_c90280 _d90280 |
||